[Event "Canadian op"]
[Site "Edmonton"]
[Date "2009.07.18"]
[Round "8"]
[White "Pavlic, Stephen"]
[Black "Durupala, Rishi"]
[Result "0-1"]
[WhiteElo "1341"]
[BlackElo "1075"]
[PlyCount "120"]
[EventDate "2009.07.11"]
[EventType "swiss"]
[EventRounds "9"]
[EventCountry "CAN"]
[SourceTitle "CBM 132 Extra"]
[Source "ChessBase"]
[SourceDate "2009.11.03"]
[SourceVersion "1"]
[SourceVersionDate "2009.11.03"]
[SourceQuality "1"]

1. f4 d5 2. e3 Nf6 3. Nf3 Bf5 4. Be2 Nc6 5. c3 e6 6. 0-0 Bd6 7. d4 0-0 8. b3 Be4 9. Bb2 Re8 10. Nbd2 Bf5 11. Re1 Ne4 12. c4 Nxd2 13. Qxd2 Nb4 14. Rec1 dxc4 15. bxc4 Nc6 16. c5 Bf8 17. a4 g6 18. h3 e5 19. fxe5 Nxe5 20. Nxe5 Rxe5 21. Bd3 Bxd3 22. Qxd3 Bg7 23. Re1 Rf5 24. Rab1 Rg5 25. Bc1 Bh6 26. Rxb7 Qd5 27. e4 Qxb7 28. Bxg5 Bxg5 29. Rb1 Qc8 30. Qg3 Bf6 31. e5 Bg7 32. Qf3 Rb8 33. Rxb8 Qxb8 34. Kh2 Qb4 35. Qd1 f6 36. e6 Kf8 37. c6 Qd6+ 38. Kh1 Qxe6 39. d5 Qd6 40. Qd4 a5 41. Qa7 Qxd5 42. Qxc7 f5 43. Qc8+ Ke7 44. c7 Be5 45. Kg1 Qd1+ 46. Kf2 Qd4+ 47. Ke2 Qc4+ 48. Ke3 Qxc7 49. Qxc7+ Bxc7 50. Kd4 Bd6 51. Kc4 Bb4 52. Kd3 Kf6 53. Ke3 Kg5 54. g3 h5 55. Kf3 h4 56. g4 fxg4+ 57. hxg4 h3 58. Kg3 h2 59. Kxh2 Kxg4 60. Kg2 g5 0-1

[Event "Canadian op"]
[Site "Edmonton"]
[Date "2009.07.16"]
[Round "6.97"]
[White "MacKay, David"]
[Black "Pavlic, Stephen"]
[Result "0-1"]
[WhiteElo "1202"]
[BlackElo "1341"]
[PlyCount "82"]
[EventDate "2009.07.11"]
[EventType "swiss"]
[EventRounds "9"]
[EventCountry "CAN"]
[SourceTitle "EXT 2022"]
[Source "ChessBase"]
[SourceDate "2021.10.06"]
[SourceVersion "1"]
[SourceVersionDate "2021.10.06"]
[SourceQuality "1"]

1. e4 e5 2. Nc3 Nf6 3. Nf3 Nc6 4. d3 Bb4 5. Bd2 0-0 6. g3 d5 7. Bg2 d4 8. Ne2 Bxd2+ 9. Nxd2 Ne7 10. c3 c5 11. c4 Ng6 12. h3 Rb8 13. 0-0 a6 14. a3 b5 15. cxb5 axb5 16. b4 cxb4 17. axb4 Qd6 18. Qb1 h5 19. Rc1 Be6 20. Ra2 Bxa2 21. Qxa2 Qxb4 22. Qb3 Qxd2 23. Rc2 Qa5 24. Nc1 Rfc8 25. Kh2 Rc7 26. Rxc7 Qxc7 27. Na2 Nd7 28. Nb4 Qb6 29. Nd5 Qe6 30. f3 Ne7 31. Nxe7+ Qxe7 32. f4 b4 33. fxe5 Qxe5 34. h4 Nc5 35. Qc4 b3 36. Bf3 b2 37. Qd5 Qxd5 38. exd5 b1Q 39. Be4 Nxe4 40. dxe4 Qf1 41. g4 Qf3 0-1

[Event "Canadian op"]
[Site "Edmonton"]
[Date "2009.07.13"]
[Round "3.91"]
[White "Pavlic, Stephen"]
[Black "Sullivan, Brian"]
[Result "0-1"]
[WhiteElo "1341"]
[BlackElo "1643"]
[PlyCount "76"]
[EventDate "2009.07.11"]
[EventType "swiss"]
[EventRounds "9"]
[EventCountry "CAN"]
[SourceTitle "EXT 2022"]
[Source "ChessBase"]
[SourceDate "2021.10.06"]
[SourceVersion "1"]
[SourceVersionDate "2021.10.06"]
[SourceQuality "1"]

1. f4 d5 2. e3 Nf6 3. Nf3 e6 4. Be2 Be7 5. d4 c5 6. dxc5 Bxc5 7. c4 0-0 8. 0-0 Ng4 9. Nd4 Nf6 10. b3 Nc6 11. Kh1 a6 12. a4 Qb6 13. Bb2 Na5 14. Nd2 Bd7 15. Bc3 Rad8 16. Rb1 Bb4 17. Bxb4 Qxb4 18. Nc2 Qe7 19. b4 Nxc4 20. Nxc4 dxc4 21. Bxc4 Bxa4 22. Qc1 Rc8 23. Bb3 Bc6 24. Kg1 Ne4 25. Nd4 Bb5 26. Qd1 Bxf1 27. Kxf1 Nc3 28. Qc2 Nxb1 29. Qxb1 Qxb4 30. Nxe6 Rfe8 31. Nc7 Qe7 32. Nxe8 Rxe8 33. Bd5 b5 34. e4 Qc7 35. g3 Rc8 36. e5 Qc1+ 37. Qxc1 Rxc1+ 38. Ke2 Rc7 0-1